Statistics for Proud Mary: Name These Famous Marys

Click here to take the quiz!

General Stats

  • This quiz has been taken 10 times
  • The average score is 3 of 21

Answer Stats

HintAnswer% Correct
Great British Baking ShowMary Berry
78%
Bloody MaryMary Tudor
56%
Downton AbbeyLady Mary Crawley
44%
Pride and PrejudiceMary Bennet
33%
Beheaded RoyaltyMary Queen of Scots
33%
Cook Who Served SalmonellaTyphoid Mary
33%
Dick Solomon's Love InterestDr. Mary Albright
11%
Arthur's Friend MuffyMary Alice Crosswire
11%
The Secret GardenMary Lennox
11%
JoonMary Stuart Masterson
11%
Plotted to Kill LincolnMary Surratt
11%
Painted The Child's BathMary Cassatt
0%
Passionate KissesMary Chapin Carpenter
0%
Writes Alvirah Meehan MysteriesMary Higgins Clark
0%
Once Upon a Time's Snow WhiteMary Margaret Blanchard
0%
Civil Rights ActivitistMary McLeod Bethune
0%
New Age GirlMary Moon
0%
Ohio PoetMary Oliver
0%
Lemon TreeMary Travers
0%
Women's RightsMary Wollstonecraft
0%
Serial Comic StripMary Worth
0%

Score Distribution

Percentile by Number Answered

Percent of People with Each Score

Your Score History

You have not taken this quiz